Statistics for NBA Players' College Teams #1

Click here to take the quiz!

General Stats

  • This quiz has been taken 63,615 times
    (57,903 since last reset)
  • The average score is 14 of 24

Answer Stats

PlayerCollege% Correct
Michael JordanNorth Carolina
92%
Kevin DurantTexas
86%
Anthony DavisKentucky
84%
Shaquille O'NealLSU
81%
Kareem Abdul-JabbarUCLA
80%
Magic JohnsonMichigan State
76%
Carmelo AnthonySyracuse
76%
Elton BrandDuke
74%
Tim DuncanWake Forest
70%
Larry BirdIndiana State
67%
Joakim NoahFlorida
66%
Allen IversonGeorgetown
64%
Dwyane WadeMarquette
62%
Wilt ChamberlainKansas
54%
David RobinsonNavy
48%
Doug McDermottCreighton
43%
John StocktonGonzaga
42%
Richard HamiltonConnecticut
37%
Nate RobinsonWashington
33%
Marcus CambyMassachusetts
27%
Steve NashSanta Clara
27%
Steve FrancisMaryland
24%
Glenn RobinsonPurdue
24%
Jerry WestWest Virginia
21%

Score Distribution

Percentile by Number Answered

Percent of People with Each Score

Your Score History

You have not taken this quiz since the last reset